عرض عادي عرض مارك
  • United States

مدخل إسم جغرافي

عدد التسجيلات المستخدمة في: 2

001 - رقم الضبط

  • حقل الضبط: 6947

003 - معرف رقم الضبط

  • حقل الضبط: OSt

005 - تاريخ ووقت أخر عملية

  • حقل الضبط: 20111203154349.0

008 - عناصر بيانات ثابتة الطول

  • حقل تحكم ثابت الطول: 111203|||a|||||| | ||| d

040 ## - مصدر الفهرسة

  • هيئة الفهرسة الأصلية: OSt
  • وكالة الكتابة: OSt

151 ## - مدخل-- مصطلح تاريخي

  • اسم جغرافي: United States
  • تفريع عام: Social life and customs
  • تفريع عام: Fiction.

670 ## - بيانات المصدر موجوده

  • الاستشهاد بالمصدر: Work cat.: (OSt)20262: The Oxford book of short stories /, 1981.